00381cam a2200145ua 4500041001000000082001900010100002200029245008400051250001200135260004600147300001100193504000500204942000700209999001900216 aengh a828.09bWAR/EN aWarner, Oliver . aEnglish maritime writing: Hakluyt to cook / cOliver Warner.hTextual Documents a1 / b. aLondon : bLongman Green and Co , c1958. a35 ; . a cBK c334267d334267